[Event "Deutsche Ländermeisterschaft 2014"]
[Site "Hannover GER"]
[Date "2014.10.05"]
[Round "4"]
[White "Hampel, Felix"]
[Black "Krause, Benedict"]
[Result "1/2-1/2"]
[Termination "normal"]
[Board "5.1"]
[WhiteElo "2160"]
[BlackElo "2339"]
[WhiteClock "00:29:43"]
[BlackClock "00:47:04"]
[WhiteTeam "Niedersachsen 2"]
[BlackTeam "Schleswig-Holstein"]
[PlyCount "91"]
[WhiteFideId "24668125"]
[BlackFideId "12917990"]
[EventCountry "GER"]
[EventRounds "7"]
[EventType "team-swiss"]
[EventDate "2014.10.02"]

1. c4 {[%clk 1:30:57]} Nf6 {[%clk 1:30:55]} 2. Nf3 {[%clk 1:31:23]} g6 {[%clk
1:31:21]} 3. Nc3 {[%clk 1:31:42]} d5 {[%clk 1:31:45]} 4. cxd5 {[%clk 1:32:04]}
Nxd5 {[%clk 1:32:10]} 5. e4 {[%clk 1:32:28]} Nxc3 {[%clk 1:32:23]} 6. bxc3
{[%clk 1:32:51]} Bg7 {[%clk 1:32:48]} 7. d4 {[%clk 1:33:09]} c5 {[%clk
1:33:12]} 8. Rb1 {[%clk 1:33:18]} O-O {[%clk 1:33:33]} 9. Be2 {[%clk 1:33:17]}
b6 {[%clk 1:33:55]} 10. O-O {[%clk 1:32:55]} Qc7 {[%clk 1:33:38]} 11. Be3
{[%clk 1:29:44]} Bb7 {[%clk 1:33:12]} 12. Qd3 {[%clk 1:26:54]} Ba6 {[%clk
1:32:55]} 13. Qd2 {[%clk 1:26:59]} Bxe2 {[%clk 1:33:06]} 14. Qxe2 {[%clk
1:27:25]} cxd4 {[%clk 1:13:27]} 15. cxd4 {[%clk 1:24:47]} Nc6 {[%clk 1:12:21]}
16. Rfc1 {[%clk 1:23:34]} Qd6 {[%clk 1:09:39]} 17. d5 {[%clk 1:21:25]} Na5
{[%clk 1:05:30]} 18. Bd2 {[%clk 1:15:43]} Rac8 {[%clk 1:03:24]} 19. Qa6 {[%clk
1:05:55]} Rxc1+ {[%clk 1:00:35]} 20. Rxc1 {[%clk 1:03:56]} f5 {[%clk 0:47:10]}
21. exf5 {[%clk 1:01:06]} Rxf5 {[%clk 0:37:14]} 22. Qxa7 {[%clk 0:48:11]} Qxd5
{[%clk 0:35:52]} 23. Qxb6 {[%clk 0:40:24]} Qxa2 {[%clk 0:22:09]} 24. Rc8+
{[%clk 0:31:16]} Bf8 {[%clk 0:20:17]} 25. Ra8 {[%clk 0:30:13]} Qa1+ {[%clk
0:19:02]} 26. Be1 {[%clk 0:27:07]} Rxf3 {[%clk 0:16:32]} 27. gxf3 {[%clk
0:26:04]} Qxe1+ {[%clk 0:16:54]} 28. Kg2 {[%clk 0:26:28]} Nc4 {[%clk 0:15:08]}
29. Qd8 {[%clk 0:16:43]} Ne3+ {[%clk 0:15:21]} 30. fxe3 {[%clk 0:16:41]} Qe2+
{[%clk 0:15:47]} 31. Kg3 {[%clk 0:17:00]} Qe1+ {[%clk 0:16:04]} 32. Kg2 {[%clk
0:15:56]} Qe2+ {[%clk 0:16:29]} 33. Kg3 {[%clk 0:16:23]} Qe1+ {[%clk 0:16:54]}
34. Kf4 {[%clk 0:07:27]} Qh4+ {[%clk 0:17:11]} 35. Ke5 {[%clk 0:07:52]} Qxh2+
{[%clk 0:17:20]} 36. f4 {[%clk 0:07:46]} Qh5+ {[%clk 0:17:37]} 37. Kd4 {[%clk
0:07:38]} Qd1+ {[%clk 0:18:02]} 38. Ke4 {[%clk 0:07:22]} Qh1+ {[%clk 0:18:25]}
39. Ke5 {[%clk 0:07:42]} Qh5+ {[%clk 0:18:51]} 40. Kd4 {[%clk 0:07:07]} Qd1+
{[%clk 0:19:03]} 41. Kc4 {[%clk 0:05:30]} Qc2+ {[%clk 0:17:26]} 42. Kd5 {[%clk
0:04:56]} Qd3+ {[%clk 0:16:46]} 43. Kc6 {[%clk 0:05:17]} Qc4+ {[%clk 0:16:39]}
44. Kb7 {[%clk 0:04:02]} Qb3+ {[%clk 0:16:50]} 45. Kc6 {[%clk 0:29:27]} Qc4+
{[%clk 0:47:04]} 46. Kb7 {[%clk 0:29:43]} 1/2-1/2

[Event "Deutsche Ländermeisterschaft 2014"]
[Site "Hannover GER"]
[Date "2014.10.05"]
[Round "4"]
[White "Krause, Jonah"]
[Black "Kyas, Philipp"]
[Result "1-0"]
[Termination "normal"]
[Board "5.2"]
[WhiteElo "2148"]
[BlackElo "2094"]
[WhiteClock "00:51:46"]
[BlackClock "00:09:54"]
[WhiteTeam "Schleswig-Holstein"]
[BlackTeam "Niedersachsen 2"]
[PlyCount "57"]
[WhiteFideId "12907910"]
[BlackFideId "24670936"]
[EventCountry "GER"]
[EventRounds "7"]
[EventType "team-swiss"]
[EventDate "2014.10.02"]

1. d4 {[%clk 1:30:46]} d5 {[%clk 1:30:31]} 2. c4 {[%clk 1:31:11]} e6 {[%clk
1:30:50]} 3. Nf3 {[%clk 1:31:36]} c5 {[%clk 1:30:47]} 4. cxd5 {[%clk 1:31:50]}
exd5 {[%clk 1:31:05]} 5. g3 {[%clk 1:32:12]} Nc6 {[%clk 1:31:15]} 6. Bg2 {[%clk
1:32:27]} Nf6 {[%clk 1:30:56]} 7. O-O {[%clk 1:32:48]} Be7 {[%clk 1:31:14]} 8.
Nc3 {[%clk 1:33:11]} O-O {[%clk 1:31:03]} 9. dxc5 {[%clk 1:33:32]} Bxc5 {[%clk
1:31:22]} 10. Na4 {[%clk 1:33:56]} Bd6 {[%clk 1:31:20]} 11. Be3 {[%clk
1:33:45]} Re8 {[%clk 1:31:32]} 12. Rc1 {[%clk 1:32:42]} Rxe3 {[%clk 1:30:20]}
13. fxe3 {[%clk 1:32:55]} Qe7 {[%clk 1:30:11]} 14. Qd2 {[%clk 1:16:44]} Bd7
{[%clk 1:18:57]} 15. Nc3 {[%clk 1:11:05]} Re8 {[%clk 1:15:59]} 16. Nxd5 {[%clk
1:06:59]} Nxd5 {[%clk 1:16:11]} 17. Qxd5 {[%clk 1:07:25]} Qxe3+ {[%clk
1:13:02]} 18. Kh1 {[%clk 1:07:33]} Re6 {[%clk 0:51:32]} 19. Bh3 {[%clk
1:01:10]} Re7 {[%clk 0:29:13]} 20. Bxd7 {[%clk 1:01:20]} Rxd7 {[%clk 0:29:33]}
21. Ng5 {[%clk 0:56:42]} Qe8 {[%clk 0:24:06]} 22. Rxf7 {[%clk 0:50:25]} Rxf7
{[%clk 0:22:36]} 23. Nxf7 {[%clk 0:50:45]} Qxf7 {[%clk 0:22:50]} 24. Qxd6
{[%clk 0:51:08]} Qxa2 {[%clk 0:21:29]} 25. Rf1 {[%clk 0:51:13]} h5 {[%clk
0:19:47]} 26. Rf8+ {[%clk 0:50:50]} Kh7 {[%clk 0:20:16]} 27. Qd3+ {[%clk
0:51:04]} Kh6 {[%clk 0:11:06]} 28. Qf5 {[%clk 0:51:23]} g6 {[%clk 0:09:54]} 29.
Rh8+ {[%clk 0:51:46]} 1-0

[Event "Deutsche Ländermeisterschaft 2014"]
[Site "Hannover GER"]
[Date "2014.10.05"]
[Round "4"]
[White "Diederichs, Luise"]
[Black "Kololli, Kevin"]
[Result "0-1"]
[Termination "normal"]
[Board "5.3"]
[WhiteElo "1992"]
[BlackElo "2161"]
[WhiteClock "00:19:06"]
[BlackClock "00:33:53"]
[WhiteTeam "Niedersachsen 2"]
[BlackTeam "Schleswig-Holstein"]
[PlyCount "108"]
[WhiteFideId "24661597"]
[BlackFideId "12936863"]
[EventCountry "GER"]
[EventRounds "7"]
[EventType "team-swiss"]
[EventDate "2014.10.02"]

1. c4 {[%clk 1:30:47]} Nf6 {[%clk 1:30:46]} 2. g3 {[%clk 1:31:03]} g6 {[%clk
1:31:07]} 3. Bg2 {[%clk 1:31:26]} Bg7 {[%clk 1:31:28]} 4. Nc3 {[%clk 1:31:45]}
O-O {[%clk 1:31:47]} 5. d4 {[%clk 1:31:07]} d6 {[%clk 1:31:56]} 6. Nf3 {[%clk
1:29:48]} Nbd7 {[%clk 1:31:25]} 7. O-O {[%clk 1:29:32]} e5 {[%clk 1:26:44]} 8.
e4 {[%clk 1:27:11]} exd4 {[%clk 1:24:24]} 9. Nxd4 {[%clk 1:27:17]} Re8 {[%clk
1:24:00]} 10. h3 {[%clk 1:23:55]} Nc5 {[%clk 1:23:13]} 11. Re1 {[%clk 1:23:37]}
a5 {[%clk 1:21:43]} 12. f4 {[%clk 1:20:06]} a4 {[%clk 1:13:36]} 13. Rb1 {[%clk
1:15:40]} Re7 {[%clk 1:01:53]} 14. Nc2 {[%clk 1:01:39]} Qe8 {[%clk 1:00:30]}
15. e5 {[%clk 0:48:46]} dxe5 {[%clk 0:57:24]} 16. fxe5 {[%clk 0:48:48]} Rxe5
{[%clk 0:56:42]} 17. Rxe5 {[%clk 0:47:21]} Qxe5 {[%clk 0:57:03]} 18. Bf4 {[%clk
0:46:26]} Qe7 {[%clk 0:54:29]} 19. Qd2 {[%clk 0:40:10]} Be6 {[%clk 0:51:06]}
20. Qe3 {[%clk 0:35:22]} Re8 {[%clk 0:43:08]} 21. Re1 {[%clk 0:33:44]} Kf8
{[%clk 0:38:43]} 22. Nd5 {[%clk 0:26:42]} Bxd5 {[%clk 0:37:46]} 23. cxd5 {[%clk
0:24:22]} Qxe3+ {[%clk 0:28:00]} 24. Rxe3 {[%clk 0:24:11]} Rxe3 {[%clk
0:28:13]} 25. Nxe3 {[%clk 0:24:35]} Nfe4 {[%clk 0:28:12]} 26. Nc4 {[%clk
0:22:37]} b5 {[%clk 0:20:28]} 27. d6 {[%clk 0:19:18]} cxd6 {[%clk 0:20:38]} 28.
Nxd6 {[%clk 0:19:24]} f5 {[%clk 0:20:03]} 29. Nxb5 {[%clk 0:18:23]} Bxb2 {[%clk
0:19:26]} 30. Bf1 {[%clk 0:13:04]} Ke7 {[%clk 0:15:57]} 31. Kg2 {[%clk
0:11:21]} Kf6 {[%clk 0:13:56]} 32. Bc4 {[%clk 0:06:48]} Be5 {[%clk 0:13:41]}
33. Be3 {[%clk 0:05:32]} g5 {[%clk 0:12:57]} 34. Bd4 {[%clk 0:03:55]} h5 {[%clk
0:12:23]} 35. h4 {[%clk 0:03:05]} gxh4 {[%clk 0:12:28]} 36. gxh4 {[%clk
0:03:34]} Bxd4 {[%clk 0:12:33]} 37. Nxd4 {[%clk 0:03:57]} Ke5 {[%clk 0:12:52]}
38. Ne2 {[%clk 0:03:33]} Nd6 {[%clk 0:10:15]} 39. Bg8 {[%clk 0:03:11]} Nce4
{[%clk 0:10:02]} 40. Ng1 {[%clk 0:01:52]} Nf6 {[%clk 0:10:01]} 41. Nf3+ {[%clk
0:02:15]} Kf4 {[%clk 0:10:19]} 42. Be6 {[%clk 0:01:57]} Nfe4 {[%clk 0:09:17]}
43. Bd5 {[%clk 0:30:05]} Kg4 {[%clk 0:39:05]} 44. Be6 {[%clk 0:29:23]} Nc5
{[%clk 0:38:52]} 45. Bd5 {[%clk 0:27:11]} Nd3 {[%clk 0:38:56]} 46. Bc6 {[%clk
0:26:37]} a3 {[%clk 0:38:52]} 47. Nd4 {[%clk 0:24:55]} Kxh4 {[%clk 0:37:19]}
48. Nc2 {[%clk 0:24:21]} Nc4 {[%clk 0:37:01]} 49. Nd4 {[%clk 0:22:39]} Kg4
{[%clk 0:35:15]} 50. Bd7 {[%clk 0:20:41]} Ne3+ {[%clk 0:34:23]} 51. Kh2 {[%clk
0:20:46]} h4 {[%clk 0:34:04]} 52. Nb5 {[%clk 0:20:04]} Ne5 {[%clk 0:33:26]} 53.
Bxf5+ {[%clk 0:18:45]} Nxf5 {[%clk 0:33:41]} 54. Nxa3 {[%clk 0:19:06]} h3
{[%clk 0:33:53]} 0-1

[Event "Deutsche Ländermeisterschaft 2014"]
[Site "Hannover GER"]
[Date "2014.10.05"]
[Round "4"]
[White "Kololli, Martin"]
[Black "Phunhon Lopez, Daniel Alejandro"]
[Result "1-0"]
[Termination "normal"]
[Board "5.4"]
[WhiteElo "2200"]
[BlackElo "1807"]
[WhiteClock "00:18:35"]
[BlackClock "00:05:48"]
[WhiteTeam "Schleswig-Holstein"]
[BlackTeam "Niedersachsen 2"]
[PlyCount "67"]
[WhiteFideId "12936910"]
[BlackFideId "12952567"]
[EventCountry "GER"]
[EventRounds "7"]
[EventType "team-swiss"]
[EventDate "2014.10.02"]

1. e4 {[%clk 1:30:56]} c5 {[%clk 1:30:59]} 2. c3 {[%clk 1:31:21]} Nf6 {[%clk
1:31:12]} 3. e5 {[%clk 1:31:46]} Nd5 {[%clk 1:31:37]} 4. d4 {[%clk 1:32:11]}
cxd4 {[%clk 1:31:38]} 5. Nf3 {[%clk 1:32:30]} Nc6 {[%clk 1:31:54]} 6. Bc4
{[%clk 1:32:22]} Nb6 {[%clk 1:30:56]} 7. Bb3 {[%clk 1:32:16]} d6 {[%clk
1:20:41]} 8. exd6 {[%clk 1:32:22]} Qxd6 {[%clk 1:19:45]} 9. O-O {[%clk
1:31:07]} Bf5 {[%clk 1:16:10]} 10. cxd4 {[%clk 1:18:22]} Rd8 {[%clk 1:11:38]}
11. Nc3 {[%clk 1:16:55]} e6 {[%clk 1:04:03]} 12. Be3 {[%clk 1:04:32]} Be7
{[%clk 1:01:03]} 13. Qe2 {[%clk 0:59:27]} a6 {[%clk 0:56:14]} 14. Rfd1 {[%clk
0:49:12]} Nd5 {[%clk 0:44:17]} 15. Rac1 {[%clk 0:44:23]} Nxc3 {[%clk 0:38:19]}
16. bxc3 {[%clk 0:43:56]} O-O {[%clk 0:33:05]} 17. c4 {[%clk 0:40:28]} Qc7
{[%clk 0:24:31]} 18. d5 {[%clk 0:25:59]} Ne5 {[%clk 0:21:00]} 19. Bf4 {[%clk
0:22:58]} Nxf3+ {[%clk 0:20:08]} 20. Qxf3 {[%clk 0:23:23]} Qb6 {[%clk 0:17:46]}
21. d6 {[%clk 0:22:35]} Bf6 {[%clk 0:11:44]} 22. c5 {[%clk 0:20:55]} Qb5 {[%clk
0:10:55]} 23. Qe3 {[%clk 0:19:22]} Rd7 {[%clk 0:09:52]} 24. Be5 {[%clk
0:18:32]} Bxe5 {[%clk 0:09:48]} 25. Qxe5 {[%clk 0:18:58]} Rc8 {[%clk 0:10:03]}
26. Qd4 {[%clk 0:18:27]} Qc6 {[%clk 0:08:17]} 27. Ba4 {[%clk 0:16:31]} b5
{[%clk 0:06:57]} 28. cxb6 {[%clk 0:16:50]} Qxc1 {[%clk 0:07:18]} 29. Bxd7
{[%clk 0:17:10]} Rc2 {[%clk 0:05:17]} 30. b7 {[%clk 0:17:17]} Qb2 {[%clk
0:04:48]} 31. Qxb2 {[%clk 0:17:40]} Rxb2 {[%clk 0:05:13]} 32. Bb5 {[%clk
0:17:49]} Rxb5 {[%clk 0:05:22]} 33. d7 {[%clk 0:18:14]} Rxb7 {[%clk 0:05:48]}
34. d8=R# {[%clk 0:18:35]} 1-0

[Event "Deutsche Ländermeisterschaft 2014"]
[Site "Hannover GER"]
[Date "2014.10.05"]
[Round "4"]
[White "Polster, Christian"]
[Black "Kopylov, Daniel"]
[Result "1-0"]
[Termination "normal"]
[Board "5.5"]
[WhiteElo "1818"]
[BlackElo "1851"]
[WhiteClock "00:07:07"]
[BlackClock "00:31:33"]
[WhiteTeam "Niedersachsen 2"]
[BlackTeam "Schleswig-Holstein"]
[PlyCount "117"]
[WhiteFideId "12965081"]
[BlackFideId "12921971"]
[EventCountry "GER"]
[EventRounds "7"]
[EventType "team-swiss"]
[EventDate "2014.10.02"]

1. e4 {[%clk 1:30:53]} c5 {[%clk 1:30:41]} 2. Nf3 {[%clk 1:31:06]} d6 {[%clk
1:30:37]} 3. d4 {[%clk 1:31:24]} cxd4 {[%clk 1:30:59]} 4. Nxd4 {[%clk 1:31:47]}
Nf6 {[%clk 1:31:05]} 5. Nc3 {[%clk 1:32:01]} Nc6 {[%clk 1:31:00]} 6. Bg5 {[%clk
1:31:23]} e6 {[%clk 1:30:47]} 7. Bc4 {[%clk 1:28:07]} Be7 {[%clk 1:30:47]} 8.
Qd2 {[%clk 1:26:50]} O-O {[%clk 1:30:27]} 9. O-O-O {[%clk 1:24:06]} Nxd4 {[%clk
1:29:49]} 10. Qxd4 {[%clk 1:24:15]} a6 {[%clk 1:29:57]} 11. h4 {[%clk 1:21:31]}
b5 {[%clk 1:28:28]} 12. Bb3 {[%clk 1:21:31]} Qa5 {[%clk 1:27:25]} 13. f3 {[%clk
1:18:42]} b4 {[%clk 1:23:54]} 14. Ne2 {[%clk 1:17:04]} Bd7 {[%clk 1:21:04]} 15.
g4 {[%clk 1:15:00]} Ba4 {[%clk 1:20:05]} 16. Kb1 {[%clk 1:08:56]} Bxb3 {[%clk
1:19:51]} 17. cxb3 {[%clk 1:08:29]} Rfc8 {[%clk 1:12:44]} 18. Bxf6 {[%clk
1:05:42]} Bxf6 {[%clk 1:12:20]} 19. Qxd6 {[%clk 1:02:14]} Rd8 {[%clk 1:10:08]}
20. Qh2 {[%clk 0:57:56]} Qe5 {[%clk 1:02:18]} 21. Qxe5 {[%clk 0:40:20]} Bxe5
{[%clk 1:02:42]} 22. f4 {[%clk 0:40:09]} Bf6 {[%clk 1:02:51]} 23. g5 {[%clk
0:38:01]} Be7 {[%clk 1:03:13]} 24. f5 {[%clk 0:34:20]} h6 {[%clk 1:00:02]} 25.
gxh6 {[%clk 0:33:02]} gxh6 {[%clk 1:00:02]} 26. Rdg1+ {[%clk 0:30:34]} Kh7
{[%clk 0:59:08]} 27. fxe6 {[%clk 0:30:35]} fxe6 {[%clk 0:58:04]} 28. Nf4 {[%clk
0:29:39]} Bf6 {[%clk 0:56:10]} 29. Nxe6 {[%clk 0:28:53]} Rd2 {[%clk 0:53:30]}
30. Ng5+ {[%clk 0:28:17]} Kh8 {[%clk 0:50:17]} 31. e5 {[%clk 0:26:24]} Bg7
{[%clk 0:50:14]} 32. Ne4 {[%clk 0:21:14]} Re2 {[%clk 0:49:16]} 33. Nd6 {[%clk
0:19:34]} Rf8 {[%clk 0:47:40]} 34. Rf1 {[%clk 0:18:50]} Rxf1+ {[%clk 0:46:42]}
35. Rxf1 {[%clk 0:19:01]} Bxe5 {[%clk 0:46:52]} 36. Nf7+ {[%clk 0:18:13]} Kg7
{[%clk 0:47:14]} 37. Nxe5 {[%clk 0:18:29]} Rxe5 {[%clk 0:47:38]} 38. Rf4 {[%clk
0:18:01]} a5 {[%clk 0:47:43]} 39. a3 {[%clk 0:18:03]} bxa3 {[%clk 0:44:18]} 40.
bxa3 {[%clk 0:18:07]} Kg6 {[%clk 0:44:41]} 41. b4 {[%clk 0:17:46]} a4 {[%clk
0:43:40]} 42. Kc2 {[%clk 0:15:37]} Re2+ {[%clk 0:43:49]} 43. Kb1 {[%clk
0:09:57]} Re1+ {[%clk 0:44:12]} 44. Kb2 {[%clk 0:09:12]} Re2+ {[%clk 0:44:38]}
45. Kc1 {[%clk 0:08:08]} Re3 {[%clk 0:44:05]} 46. b5 {[%clk 0:06:47]} Rxa3
{[%clk 0:42:31]} 47. Rb4 {[%clk 0:06:51]} Rc3+ {[%clk 0:41:51]} 48. Kb2 {[%clk
0:07:05]} Rc8 {[%clk 0:41:38]} 49. b6 {[%clk 0:06:39]} Kf6 {[%clk 0:40:03]} 50.
Ka3 {[%clk 0:06:23]} Ke6 {[%clk 0:40:19]} 51. Kxa4 {[%clk 0:06:15]} Kd6 {[%clk
0:33:20]} 52. b7 {[%clk 0:05:56]} Rb8 {[%clk 0:33:30]} 53. Ka5 {[%clk 0:06:04]}
Kc5 {[%clk 0:30:48]} 54. Rb1 {[%clk 0:06:06]} Kd4 {[%clk 0:30:01]} 55. Ka6
{[%clk 0:06:02]} Ke4 {[%clk 0:30:17]} 56. Ka7 {[%clk 0:06:20]} Rd8 {[%clk
0:30:42]} 57. b8=Q {[%clk 0:06:36]} Rxb8 {[%clk 0:31:06]} 58. Rxb8 {[%clk
0:06:51]} Kf4 {[%clk 0:31:33]} 59. Rb4+ {[%clk 0:07:07]} 1-0

[Event "Deutsche Ländermeisterschaft 2014"]
[Site "Hannover GER"]
[Date "2014.10.05"]
[Round "4"]
[White "Köhler, Inken"]
[Black "von Estorff, Jacob"]
[Result "1/2-1/2"]
[Termination "normal"]
[Board "5.6"]
[WhiteElo "1718"]
[BlackElo "1697"]
[WhiteClock "00:38:32"]
[BlackClock "00:44:20"]
[WhiteTeam "Schleswig-Holstein"]
[BlackTeam "Niedersachsen 2"]
[PlyCount "52"]
[WhiteFideId "12929301"]
[BlackFideId "12974501"]
[EventCountry "GER"]
[EventRounds "7"]
[EventType "team-swiss"]
[EventDate "2014.10.02"]

1. e4 {[%clk 1:30:57]} c5 {[%clk 1:30:53]} 2. d4 {[%clk 1:31:19]} cxd4 {[%clk
1:27:44]} 3. c3 {[%clk 1:31:41]} d5 {[%clk 1:27:58]} 4. exd5 {[%clk 1:29:25]}
Qxd5 {[%clk 1:28:22]} 5. Nf3 {[%clk 1:29:23]} Nc6 {[%clk 1:22:05]} 6. cxd4
{[%clk 1:26:23]} e6 {[%clk 1:18:07]} 7. Nc3 {[%clk 1:24:31]} Bb4 {[%clk
1:18:26]} 8. Be2 {[%clk 1:24:28]} Nf6 {[%clk 1:17:33]} 9. O-O {[%clk 1:24:14]}
Qd8 {[%clk 1:17:29]} 10. Bg5 {[%clk 1:20:49]} O-O {[%clk 1:17:17]} 11. Qb3
{[%clk 1:11:05]} Be7 {[%clk 1:14:08]} 12. Rfd1 {[%clk 1:07:50]} Qc7 {[%clk
1:06:38]} 13. d5 {[%clk 1:05:05]} Nxd5 {[%clk 1:05:36]} 14. Nxd5 {[%clk
1:04:26]} exd5 {[%clk 1:05:55]} 15. Qxd5 {[%clk 1:04:10]} Be6 {[%clk 1:04:57]}
16. Qe4 {[%clk 1:03:46]} Rad8 {[%clk 0:59:04]} 17. Bd3 {[%clk 0:58:34]} g6
{[%clk 0:57:31]} 18. Qe3 {[%clk 0:51:29]} Bxg5 {[%clk 0:54:51]} 19. Qxg5 {[%clk
0:50:24]} Nd4 {[%clk 0:50:01]} 20. Qf6 {[%clk 0:40:17]} Nxf3+ {[%clk 0:49:13]}
21. Qxf3 {[%clk 0:40:42]} Bd5 {[%clk 0:47:38]} 22. Be4 {[%clk 0:38:02]} Bxe4
{[%clk 0:47:12]} 23. Qxe4 {[%clk 0:38:25]} Rxd1+ {[%clk 0:45:56]} 24. Rxd1
{[%clk 0:38:39]} Rd8 {[%clk 0:44:52]} 25. Rxd8+ {[%clk 0:38:17]} Qxd8 {[%clk
0:45:12]} 26. g3 {[%clk 0:38:32]} Qc7 {[%clk 0:44:20]} 1/2-1/2

[Event "Deutsche Ländermeisterschaft 2014"]
[Site "Hannover GER"]
[Date "2014.10.05"]
[Round "4"]
[White "Möller, Hannah"]
[Black "Rosmait, Emily"]
[Result "0-1"]
[Termination "normal"]
[Board "5.7"]
[WhiteElo "1573"]
[BlackElo "1821"]
[WhiteClock "01:22:46"]
[BlackClock "00:21:52"]
[WhiteTeam "Niedersachsen 2"]
[BlackTeam "Schleswig-Holstein"]
[PlyCount "118"]
[WhiteFideId "1270514"]
[BlackFideId "12937754"]
[EventCountry "GER"]
[EventRounds "7"]
[EventType "team-swiss"]
[EventDate "2014.10.02"]

1. c4 {[%clk 1:30:57]} c5 {[%clk 1:30:53]} 2. g3 {[%clk 1:31:24]} Nf6 {[%clk
1:31:14]} 3. Bg2 {[%clk 1:31:49]} d5 {[%clk 1:31:21]} 4. cxd5 {[%clk 1:32:12]}
Nxd5 {[%clk 1:31:45]} 5. d3 {[%clk 1:32:31]} e5 {[%clk 1:29:13]} 6. Nf3 {[%clk
1:32:54]} Nc6 {[%clk 1:29:26]} 7. Nc3 {[%clk 1:33:09]} Nc7 {[%clk 1:29:06]} 8.
O-O {[%clk 1:33:05]} Be7 {[%clk 1:26:48]} 9. b3 {[%clk 1:32:40]} O-O {[%clk
1:26:59]} 10. Bb2 {[%clk 1:33:04]} f6 {[%clk 1:26:39]} 11. Rc1 {[%clk 1:32:54]}
Be6 {[%clk 1:22:59]} 12. Ne4 {[%clk 1:32:17]} Na6 {[%clk 1:20:51]} 13. Ba3
{[%clk 1:30:33]} Qa5 {[%clk 1:18:08]} 14. Bb2 {[%clk 1:28:57]} Qxa2 {[%clk
1:17:02]} 15. Rb1 {[%clk 1:28:40]} Bxb3 {[%clk 1:14:01]} 16. Qd2 {[%clk
1:28:22]} Be6 {[%clk 1:08:37]} 17. Rfc1 {[%clk 1:23:55]} Qd5 {[%clk 0:56:37]}
18. Nxe5 {[%clk 1:22:55]} Qd8 {[%clk 0:53:19]} 19. Nxc6 {[%clk 1:22:51]} bxc6
{[%clk 0:53:46]} 20. Ra1 {[%clk 1:22:49]} Qb6 {[%clk 0:50:27]} 21. Ba3 {[%clk
1:21:34]} Nb4 {[%clk 0:49:17]} 22. Rcb1 {[%clk 1:20:56]} a5 {[%clk 0:48:59]}
23. Qe3 {[%clk 1:18:13]} Bf7 {[%clk 0:34:17]} 24. Rb2 {[%clk 1:12:31]} Rfe8
{[%clk 0:28:22]} 25. Rab1 {[%clk 1:11:26]} Rab8 {[%clk 0:25:53]} 26. Qf3 {[%clk
1:09:02]} c4 {[%clk 0:22:17]} 27. dxc4 {[%clk 1:08:02]} Bxc4 {[%clk 0:22:23]}
28. Nc3 {[%clk 1:05:09]} c5 {[%clk 0:19:27]} 29. Nd5 {[%clk 1:03:49]} Qd6
{[%clk 0:15:32]} 30. Bxb4 cxb4 {[%clk 0:13:16]} 31. Nxe7+ {[%clk 1:02:58]} Qxe7
{[%clk 0:12:21]} 32. Qf5 {[%clk 1:02:47]} Qe5 {[%clk 0:08:58]} 33. Qc2 {[%clk
1:00:07]} Rec8 {[%clk 0:07:41]} 34. Be4 {[%clk 0:57:56]} h6 {[%clk 0:06:51]}
35. Bh7+ {[%clk 0:56:34]} Kh8 {[%clk 0:06:53]} 36. Bg6 {[%clk 0:55:59]} Be6
{[%clk 0:05:55]} 37. Qe4 {[%clk 0:54:49]} Qxe4 {[%clk 0:05:35]} 38. Bxe4 {[%clk
0:55:13]} f5 {[%clk 0:03:31]} 39. Bf3 {[%clk 0:55:25]} Rc5 {[%clk 0:03:02]} 40.
e4 {[%clk 0:53:34]} Rbc8 {[%clk 0:00:40]} 41. exf5 {[%clk 0:52:36]} Bxf5 {[%clk
0:28:49]} 42. Ra1 {[%clk 1:23:04]} Rc1+ {[%clk 0:28:40]} 43. Rxc1 {[%clk
1:23:28]} Rxc1+ {[%clk 0:29:09]} 44. Kg2 {[%clk 1:23:49]} Rc2 {[%clk 0:28:03]}
45. Rb1 {[%clk 1:21:54]} Rxf2+ {[%clk 0:26:47]} 46. Kxf2 {[%clk 1:22:15]} Bxb1
{[%clk 0:27:13]} 47. Ke2 {[%clk 1:22:40]} a4 {[%clk 0:22:31]} 48. Kd2 {[%clk
1:23:01]} a3 {[%clk 0:22:02]} 49. Kc1 {[%clk 1:23:26]} Ba2 {[%clk 0:22:13]} 50.
Be4 {[%clk 1:22:53]} g5 {[%clk 0:22:04]} 51. h3 {[%clk 1:22:51]} Kg7 {[%clk
0:20:55]} 52. g4 {[%clk 1:22:04]} Kf6 {[%clk 0:21:09]} 53. Bf5 {[%clk 1:22:12]}
Ke5 {[%clk 0:21:29]} 54. Kd1 {[%clk 1:21:58]} Kd4 {[%clk 0:21:44]} 55. Kd2
{[%clk 1:22:07]} Bd5 {[%clk 0:21:28]} 56. Kc1 {[%clk 1:22:22]} Kc3 {[%clk
0:21:31]} 57. Kb1 {[%clk 1:22:10]} a2+ {[%clk 0:21:34]} 58. Ka1 {[%clk
1:22:33]} b3 {[%clk 0:21:52]} 59. Bb1 {[%clk 1:22:46]} b2# 0-1

[Event "Deutsche Ländermeisterschaft 2014"]
[Site "Hannover GER"]
[Date "2014.10.05"]
[Round "4"]
[White "Schönweiler, Elisabeth"]
[Black "Reichelt, Lena"]
[Result "1/2-1/2"]
[Termination "normal"]
[Board "5.8"]
[WhiteElo "1249"]
[BlackElo "1274"]
[WhiteClock "00:29:15"]
[BlackClock "00:42:33"]
[WhiteTeam "Schleswig-Holstein"]
[BlackTeam "Niedersachsen 2"]
[PlyCount "43"]
[WhiteFideId "12997005"]
[BlackFideId "12981184"]
[EventCountry "GER"]
[EventRounds "7"]
[EventType "team-swiss"]
[EventDate "2014.10.02"]

1. e4 {[%clk 1:30:58]} e6 {[%clk 1:30:51]} 2. d4 {[%clk 1:31:20]} d5 {[%clk
1:31:05]} 3. e5 {[%clk 1:30:28]} c5 {[%clk 1:30:15]} 4. c3 {[%clk 1:30:49]} Nc6
{[%clk 1:30:04]} 5. Nf3 {[%clk 1:30:19]} Qb6 {[%clk 1:28:34]} 6. Bd3 {[%clk
1:28:35]} Bd7 {[%clk 1:27:28]} 7. Be2 {[%clk 1:26:26]} Be7 {[%clk 1:26:15]} 8.
O-O {[%clk 1:25:25]} Nh6 {[%clk 1:25:18]} 9. Qd2 {[%clk 1:21:38]} Nf5 {[%clk
1:21:41]} 10. Rd1 {[%clk 1:18:04]} O-O-O {[%clk 1:18:56]} 11. b3 {[%clk
1:12:40]} Kb8 {[%clk 1:16:47]} 12. Bb2 {[%clk 1:05:42]} cxd4 {[%clk 1:15:26]}
13. cxd4 {[%clk 0:57:15]} Rc8 {[%clk 1:13:12]} 14. Nc3 {[%clk 0:51:56]} Bb4
{[%clk 1:07:28]} 15. Rac1 {[%clk 0:43:50]} Rc7 {[%clk 1:05:48]} 16. a3 {[%clk
0:42:39]} Be7 {[%clk 1:02:54]} 17. b4 {[%clk 0:42:21]} a6 {[%clk 0:54:57]} 18.
Na4 {[%clk 0:39:40]} Qa7 {[%clk 0:52:36]} 19. Nc5 {[%clk 0:39:00]} Bxc5 {[%clk
0:51:29]} 20. Rxc5 {[%clk 0:36:39]} h6 {[%clk 0:49:02]} 21. Qc1 {[%clk
0:32:31]} Rhc8 {[%clk 0:42:33]} 22. Rd2 {[%clk 0:29:15]} 1/2-1/2